000 00550nam a22002057a 4500
003 0
005 20260116125514.0
008 260116b xxu||||| |||| 00| 0 eng d
020 _a978-981-09-1922-1
050 _aFIC
_bSt1 2015
082 _aFIC
_bSt1 2015
100 _aWatson, Jude
245 _aThe Dangerous games
_cJude Watson
260 _aNew York, NY :
_bScholastic Inc.,
_c2015.
300 _a169 pages ;
_c20 cm.
440 _aStar Wars Jedi Quest
_v3
650 _aStar wars fiction.
650 _aJuvenile fiction.
942 _2ddc
_cBK
999 _c368721
_d368721